000 00307nam a22001457a 4500
008 210312b ||||| |||| 00| 0 eng d
020 _a9781571691613
041 _aeng
080 _23rd
_a004
082 _a004
100 _a28
101 _aSHKI
245 _aC Primer Plus
_cPrata, S
942 _2udc
_cBK
999 _c56470
_d56470